| 000 | 03462nam0a22005171 4500 | ||
|---|---|---|---|
| 001 | RU\NLR\A1DV\32838 | ||
| 005 | 20251203152403.2 | ||
| 035 | _a(NLR Aleph) 010777837 | ||
| 090 |
_a10052045 _c10052045 |
||
| 100 | _a20061204d1808 a y0rusy50 ca | ||
| 101 | 0 | _arus | |
| 102 | _aRU | ||
| 135 | _acrcn 024anaba | ||
| 140 | _ay y kc yaa0000 | ||
| 200 | 1 |
_aНачальныя основания российския грамматики, _fв пользу учащагося юношества составленныя, во многих местах против перваго издания иным порядком разположенныя, изправленныя и многими новыми правилами даполненныя П** С****. |
|
| 205 | _aИздание пятое | ||
| 210 |
_aВ Санктпетербурге _cпри Императорской Академии наук _d1808 |
||
| 215 |
_a[8], 288 с. _d8° |
||
| 300 | _aБез ценз. разрешения | ||
| 316 |
_aЭкз. РНБ (138/971) в цельнокожаном коричневом пер. Корешок гладкий, с блинтовым тиснением и бежевой наклейкой с загл.: "Российская грамматика". На нижней крышке пер. экслибрис рус. фонда ГПБ с шифром. На форзаце ярлык с шифром РНБ. Левая сторона нахзаца отсутствует. На обороте тит. л., с.33 и 288 круглый штамп ГПБ. Размер: 20,0х13,0х2,8 см _5NLR: 138/971 |
||
| 317 |
_aВ экз. РНБ (138/971) на форзаце владельч. надписи Варвары Шевичевой и Александры Шевичевой _5NLR: 138/971 |
||
| 325 | _aКопия доступна в Электрон. б-ке РНБ | ||
| 327 | 0 | _aСокращение российской грамматики для детей, начинающих обучаться правилам российскаго языка (С.261-288) | |
| 518 | 1 |
_aНачальные основания российской грамматики, _zrus |
|
| 620 | _dСанкт-Петербург | ||
| 700 | 1 |
_6z01790 _aСоколов _bП. И. _f1764-1835 _gПетр Иванович _4070 |
|
| 702 | 1 |
_aШевичева _bА. _gАлександра _5NLR: 138/971 _4290 |
|
| 702 | 1 |
_aШевичева _bВ. _gВарвара _5NLR: 138/971 _4290 |
|
| 712 | 0 | 2 |
_aАкадемическая типография _cПетербург _3RU\NLR\AUTH\8815379 _4610 |
| 790 | 0 |
_6z01700 _aП** С**** |
|
| 801 | 0 |
_aRU _bNLR _c20061204 |
|
| 852 |
_aNLR _j18.76.3.23 |
||
| 852 |
_aNLR _j138/971 |
||
| 856 | 0 | _uhttps://vivaldi.nlr.ru/bx000027454/view | |
| 856 | 1 | _uhttps://vivaldi.nlr.ru/bx000027454/cover | |
| 856 | 2 | _uhttps://vivaldi.nlr.ru/bx000027454/text | |
| 942 | _cBOOK | ||
| 980 | 3 | _akpnscan | |
| 980 | _aNB | ||
| 980 | _aA1DV | ||
| 981 | 2 | 2 |
_a(22) Материалы по истории России _b(22) Культура. Наука. Просвещение. |
| 981 | 2 | 0 |
_a(20) Книжные памятники РНБ _b(20) Русский книжный фонд |